| 000 | 00413 a2200169 4500 | ||
|---|---|---|---|
| 001 | 56419 | ||
| 020 | _a852621800x | ||
| 040 | _cAnchieta - Pituba | ||
| 100 | _aSallum, Luiz Esteves | ||
| 240 | 1 | 0 |
_aZicartola e que tudo mais vá pro inferno! _lpor |
| 245 | 1 | 0 | _aZicartola e que tudo mais vá pro inferno! |
| 300 | _a73 | ||
| 362 | 0 | _a1991 | |
| 440 | 1 | _aScipione | |
| 650 | 4 | _aLiteratura juvenil | |
| 942 | _cBK | ||
| 999 |
_c56419 _d56419 |
||